Biathlon Olympiasieger 2026 - Statistiken

Allgemein
  • Dieses Quiz wurde 53 mal gespielt
  • Das Durchschnittsergebnis liegt bei 8 aus 11
Antwortstatistiken
Disziplin Herren % Korrekt
Staffel Frankreich
91%
Mixed-Staffel Frankreich
91%
Frankreich
89%
Julia Simon
86%
Einzel Johan-Olav Botn
80%
Sprint Quentin Fillon-Maillet
66%
Massenstart Johannes Dale-Skjevdal
64%
Lisa Vittozzi
64%
Oceane Michelon
61%
Maren Kirkeeide
59%
Verfolgung Martin Ponsiluoma
59%
Keine übereinstimmenden Quizze gefunden
Verteilung der Resultate
Anzahl Personen mit jedem Resultat
Perzentil nach korrekt beantworteten Fragen
Ihre Resultats-Entwicklung
Sie haben dieses Quiz noch nicht gespielt